[Event "Bundesliga 0506"]
[Site "Germany"]
[Date "2005.12.11"]
[Round "6.6"]
[White "Schneider, Ilja"]
[Black "Grafl, Florian"]
[Result "1-0"]
[WhiteElo "2392"]
[BlackElo "2413"]
[Annotator "Roiz,M"]
[PlyCount "41"]
[EventDate "2005.10.21"]
[EventType "team-tourn"]
[EventRounds "15"]
[EventCountry "GER"]
[SourceTitle "CBM 111"]
[Source "ChessBase"]
[SourceDate "2006.04.04"]
[SourceVersion "1"]
[SourceVersionDate "2006.04.04"]
[SourceQuality "1"]
[WhiteTeam "Neukoelln"]
[BlackTeam "Godesberg"]
[WhiteTeamCountry "GER"]
[BlackTeamCountry "GER"]

1. d4 f5 2. Qd3 {This move is quite provocative, as white doesn't obey the
main rules of development. However, it was tried several times by strong
players.} d6 ({The alternatives are:} 2... e6) ({and} 2... d5) 3. g4 {White's
play is very ambitious - he tries to exploit some weaknesses of black's
king-side by this pawn sacrifice. In my opinion, this decision is too risky,
as white has no real development advantage, so black is able to keep a heavy
extra pawn.} (3. e4 fxe4 4. Qxe4 Nf6 5. Qh4 Bf5 6. c3 e6 7. Qg3 Nbd7 8. Nd2 g6
9. Bd3 d5 10. Bxf5 exf5 11. Ne2 Bd6 12. Qd3 Qe7 13. O-O O-O-O 14. Nf3 Rde8 15.
Re1 Ne4 $15 {0-1 Lev,R-Soffer,R/Tel Aviv 1990/CBM 020 ext (48)}) ({Ofcourse,in
case of} 3. g3) ({or} 3. Nf3 {white cannot hope for getting any opening
advantage,but 2.Qd3 is hardly dangerous for black!}) 3... fxg4 4. h3 {Opening
the ''h'' file in order to put strong pressure on the Ph7.} Nf6 {The most
principal.} ({There was nothing wrong also with} 4... g3 5. Qxg3 Nf6 6. Nc3 Nc6
$132 {but white should black give up a pawn at the early stage of the game?!})
5. hxg4 Bxg4 6. Bh3 {Intending to exploit some weakness of the dark squares in
black's camp after swapping the bishops.} Qd7 $146 ({White should prove that
he has real compensation for the pawn after:} 6... Bxh3 7. Nxh3 Qd7 8. Ng5 e5
9. d5 (9. Nxh7 Rxh7 10. Rxh7 Nxh7 11. Qg6+ Qf7 12. Qxh7 Nc6 $36) 9... Na6 10.
Be3 c5 $2 (10... Nb4 11. Qb3 Nfxd5 $17) 11. Nc3 Nc7 12. O-O-O O-O-O 13. Nxh7 $4
Be7 $2 (13... Rxh7 14. Rxh7 e4 15. Nxe4 Nxh7 $19) 14. Qg6 Rxh7 15. Rxh7 Nxh7
16. Qxh7 $14 {0-1 Disconzi da Silva,R-Bravo Sedamanos,H/Miraflores 1993/EXT 99
(51)}) 7. Bxg4 Qxg4 {This vulnerable statement of black's queen gives white
some tome for developing an initiative.} 8. Nf3 Nbd7 $6 {Cutting a way for the
Qg4.} ({Much more logical would be:} 8... Nc6 9. Rh4 Qd7 10. Bg5 e6 $15) 9. Rh4
Qe6 ({After} 9... Qg2 $2 10. Nc3 O-O-O 11. Be3 $16 {[%csl Rg2] the Qg2 could
be trapped very soon.}) 10. Nc3 Nb6 $2 {Black is playing with fire! In such a
position the defending side shouldn't make moves with developed pieces!} ({
Necessary was:} 10... d5 $142 11. Nb5 (11. Ng5 $5 Qb6 12. Qf5 $44) 11... Qb6
12. Bf4 Rc8 13. Qb3 {[%cal Gb5c7]} Qa5+ 14. Bd2 Qb6 $11 {and white has nothing
better than repeating the moves.}) 11. Ng5 $1 Qc4 ({After} 11... Qd7 12. d5 c6
13. e4 $16) ({or} 11... Qg8 12. Qh3 $1 $16 {it would be very difficult for
black to complete his development.}) 12. Qh3 $1 {[%cal Og5h7,Gd4d5] Preventing
black from castling and intending to exploit the weak square ''e6''. Now black
is practically forced to give the pawn back, since the d4-d5 advancement is
also threatening.} Nbd5 13. Nxd5 Nxd5 ({After} 13... Qxd5 14. Ne6 Qc6 15. Bg5
$16 {black would be paralized.}) 14. Rxh7 $6 {White is to hurrying with
winning the pawn back.} ({Stronger would be:} 14. c3 Nf6 15. Ne6 $16 {and I
don't see any useful move for black.}) 14... Rxh7 15. Qxh7 Nf6 16. Qf5 Qxd4 $2
{A terrible blunder which leads to an immediate loss of the game.} (16... Qd5
17. Qxd5 (17. e4 $5 Qxf5 18. exf5 $16) 17... Nxd5 18. e4 Nf6 19. f3 $16 {
[%csl Rf8] with a great strategical advantage, since black has a serious
problems with developing his Bf8.}) (16... e5 17. dxe5 dxe5 18. Qxe5+ Kd7) ({
Black should to simplify the position by:} 16... c5 $142 17. dxc5 Qxc5 18. Qxc5
(18. Qg6+ Kd7 19. c3 Qc4 $14) 18... dxc5 19. Ne6 Rc8 $14 {In that case black
keeps a good drawish chances.}) 17. Qb5+ c6 ({Or} 17... Nd7 18. Ne6 Qg4 19.
Nxc7+ Kd8 20. Nxa8 $18) 18. Qxb7 {White wins a lot of material, so the rest is
just an agony.} Rd8 19. Qxc6+ Rd7 ({Hopeless was also:} 19... Nd7 20. Ne6 Qg4
21. Nxd8 Qg1+ 22. Kd2 Qg5+ 23. e3 $18) 20. Qc8+ Rd8 21. Qxd8+ $1 {A little
final combination. Black resigns in view of 21...Kxd8 22.Ne6+.} 1-0

[Event "EU-ch 4th"]
[Site "Istanbul"]
[Date "2003.05.31"]
[Round "2"]
[White "Schandorff, Lars"]
[Black "Bartel, Mateusz"]
[Result "1/2-1/2"]
[WhiteElo "2563"]
[BlackElo "2443"]
[Annotator "Roiz,M"]
[PlyCount "72"]
[EventDate "2003.05.30"]
[EventType "swiss"]
[EventRounds "13"]
[EventCountry "TUR"]
[SourceTitle "CBM 096"]
[Source "ChessBase"]
[SourceDate "2003.09.25"]
[SourceVersion "1"]
[SourceVersionDate "2003.09.25"]
[SourceQuality "1"]

1. d4 f5 2. Nc3 Nf6 3. Bg5 d5 4. Qd2 ({The main here is} 4. Bxf6 exf6 5. e3)
4... c6 ({Possible is:} 4... e6 5. f3 (5. g4 $6 fxg4 6. e4 Be7 7. e5 Nh5 8. Be3
c5 9. Be2 cxd4 10. Qxd4 Nc6 11. Qxg4 g6 $15 {0-1 Stefanova,A-Spraggett,K/San
Sebastian op 22nd 1999}) 5... Be7 6. Nh3 O-O 7. e4 h6 8. Bf4 (8. Bxf6 Bxf6 9.
e5 Be7 $132 {[%cal Gc7c5]}) 8... fxe4 9. fxe4 Bb4 10. Nf2 c5 $36 {1/2-1/2
Georgiev,V-Bellin,R/Corus Reserve Group 2000}) 5. f3 Be6 $5 {An interesting
idea of Mateusz Bartel! Black is planning to put the bishop on f7.After that
he could either play g7-g6 or e7-e6.} 6. Nh3 {White has to spend too much time
for preparing e2-e4.} ({Better looks:} 6. e3 $5 Nbd7 7. Bd3 Nb6 $6 (7... h6 8.
Bxf6 Nxf6 9. Nge2 $14 {[%cal Ge3e4]}) 8. Nge2 Qd7 9. O-O h6 10. Bf4 Bf7 11. e4
e6 12. exd5 exd5 13. Ng3 g6 14. Rfe1+ Kd8 15. b3 $16 {1-0 Dao Thien Hai-Babu,N/
Asia-ch Udaipur 2000}) 6... Nbd7 7. Nf2 ({White has no advantage after} 7.
O-O-O {-see my comments to Murdzia-Bartel/POL-ch 60th Warsaw 2003/CBM 95[Roiz]}
) 7... h6 8. Bxf6 Nxf6 $146 (8... exf6 9. e4 fxe4 10. fxe4 Bb4 11. O-O-O dxe4
12. Nfxe4 {1/2-1/2 Tyni.J-Harkonen,E/FIN-chT 1div C 9798 1997}) 9. e4 g6 $1 10.
exf5 (10. e5 Nd7 11. f4 (11. Nd3 Bf7 {[%cal Ge7e6]}) 11... Qa5 $11 {[%cal
Ge8c8]}) (10. exd5 Nxd5 11. Nd3 Bg7 12. Nc5 Bc8 13. O-O-O b6 $11) 10... Bxf5
11. Bd3 {Black has a pair of the bishops,so white have decided to change one.}
(11. O-O-O Bg7 12. g4 Be6 13. h4 Qc7 $11 {[%cal Ge8c8]}) 11... Qd6 {[%csl Rf4]
[%cal Yd6f4] A good place for a queen.Black is controlling an important
squares,so it is clear that white cannot hope for an advantage.} (11... Bg7 $5
12. Bxf5 gxf5) 12. O-O (12. O-O-O O-O-O 13. Bxf5+ gxf5 14. Nd3 h5 $1 (14... Nd7
$6 15. Rhe1 Bg7 16. Nf4 $1 Bf6 (16... e5 17. Nh5) 17. Re6 $14) 15. Kb1 Bh6 16.
Qe2 Rhg8 17. Rhe1 Rg7 $11 {[%cal Gh5h4,Gd8g8]}) 12... O-O-O 13. Bxf5+ gxf5 14.
Nd3 (14. Rae1 Bg7 15. Ne2 {[%cal Ge2f4,Ge2g3]} Nh5 $11 {[%csl Yf4,Yg3][%cal
Yh5f4,Yh5g3]}) 14... Nd7 15. Qe3 Bg7 16. f4 {Otherwise black seize the
initiative by ...e7-e5.} Kb8 {[%cal Gg7f6,Gh8g8] Black has a solid position
without any visible weaknesses.White should change the queens-otherwise black
may create serious counterplay,using the file g.} 17. Ne5 (17. Ne2 Rhg8 18. Ne5
Qe6 $5 {[%csl Re4][%cal Gd7f6,Gf6e4]}) 17... Nxe5 ({possible was also} 17...
Bxe5 18. fxe5 Qg6 19. Ne2 e6 20. Nf4 Qf7 $11) 18. fxe5 Qg6 19. Ne2 {[%cal
Ge2f4]} e6 20. Nf4 Qf7 21. Qg3 Rhg8 {Now white can change the queens and get
an equal endgame.} ({Interesting was:} 21... Rde8 $5 22. b3 (22. Qg6 Qd7 23.
Nh5 Rhg8 $36) 22... Rhg8 23. Qf3 Bf8 {[%cal Gg8g4,Gh6h5] with complicated
position.Black is at least not worse.}) 22. Qg6 Qxg6 23. Nxg6 $11 Bf8 24. Nf4 (
24. Nxf8 Rdxf8 25. Rf4 $11) 24... Re8 25. Rad1 Kc7 (25... c5 $5 26. c3 Kc7 27.
Rf3 b5 {[%cal Gc5c4,Gb5b4]}) 26. Rf3 Rg4 27. b3 Kd7 (27... c5 $6 28. c4 $1 dxc4
29. d5 $36) 28. c4 $1 {Just in time! White has to be very carefully-black was
ready for c6-c5.Now white is out of danger.} Be7 29. g3 Rc8 (29... b5 30. c5
$11) 30. Kf2 Rgg8 31. Rc3 Bg5 32. Nd3 $1 {White shouldn't let black to change
his knight on f4.In that way his position may be hard.} b6 33. h4 {White gets
a square on c1 for his rook.} Be7 34. cxd5 cxd5 35. Rxc8 ({Only not} 35. Rdc1
$2 Rxc3 36. Rxc3 Rg4 $19 {[%csl Rd4][%cal Gg4d4]}) 35... Rxc8 36. Rc1 Rg8 {
Black cannot improve his position,so the draw was agreed.} 1/2-1/2

[Event "POL-ch 63rd"]
[Site "Krakow"]
[Date "2006.03.02"]
[Round "6"]
[White "Dziuba, Marcin"]
[Black "Bartel, Mateusz"]
[Result "0-1"]
[WhiteElo "2491"]
[BlackElo "2524"]
[Annotator "Roiz,M"]
[PlyCount "52"]
[EventDate "2006.02.25"]
[EventType "tourn"]
[EventRounds "13"]
[EventCountry "POL"]
[EventCategory "12"]
[SourceTitle "CBM 112"]
[Source "ChessBase"]
[SourceDate "2006.06.07"]
[SourceVersion "1"]
[SourceVersionDate "2006.06.07"]
[SourceQuality "1"]

1. d4 f5 2. Nc3 d5 3. f3 Nf6 4. Bg5 c6 {In this original system both sides
have some difficulties with a natural development. Mateusz already had some
experience of playing this position.} 5. Qd2 Be6 6. e3 $5 {In my opinion thid
'shy' move is quite unpleasant for Black.} ({The altenatives are:} 6. Nh3 Nbd7
7. O-O-O h6 8. Bxf6 Nxf6 9. Nf4 Bf7 10. h4 e6 11. Qe3 $6 Qd7 12. Nd3 Bd6 13.
Kb1 Qc7 14. f4 O-O-O $15 {1/2-1/2 Murdzia,P-Bartel,M/Warsaw 2003/CBM 095/[Roiz,
M] (30)}) ({and} 6. O-O-O Nbd7 7. e3 h6 8. Bxf6 (8. Bf4 g5 9. Bg3 Bg7 10. h4
Qa5 11. hxg5 hxg5 12. Rxh8+ Bxh8 13. Nh3 $14) 8... Nxf6 9. Bd3 Qd7 10. h3 O-O-O
11. g4 g5 12. h4 Bg7 13. gxf5 Bxf5 14. hxg5 hxg5 $11 {1-0 Macieja,B-Bartel,M/
POL-ch 59th Warsaw 2002}) 6... Nbd7 7. Bd3 g6 $146 {This logical move is aimed
for protecting the Pf5, but now White gets a promising plan of advancing his
'h' pawn.} ({Dubious would be:} 7... Nb6 $6 8. Nge2 Qd7 9. O-O h6 10. Bf4 Bf7
11. e4 e6 12. exd5 exd5 13. Ng3 g6 14. Rfe1+ Kd8 15. b3 $16 {1-0 Dao Thien
Hai-Babu,N/Asia-ch Udaipur 2000}) ({But maybe Black should prefer} 7... h6 $5
8. Bxf6 Nxf6 9. Nge2 $14 {[%cal Ge3e4] with only a slight edge for White.}) 8.
Nge2 Bg7 9. e4 $6 {White is hurrying too much! There was no reason for this
immediate breakthrough, since Black's pieces are developed well!} ({I don't
like Black's position after} 9. O-O-O Qc7 (9... Bf7 10. h4 e5 11. dxe5 Nxe5 12.
h5 $36) 10. Bf4 Qa5 11. Kb1 $14 {as it unclear where the Ke8 will be safe.})
9... fxe4 10. fxe4 dxe4 11. Nxe4 Nxe4 12. Bxe4 O-O 13. Bf3 {This move is
necessary for making a king-side castle.} ({Another possibility was} 13. O-O-O
Nf6 (13... Qb6 $5) 14. Bf3 Bd5 15. Rhe1 $132 {with approximately equal chances.
}) 13... Nb6 14. Qb4 $2 {The move is connected with a tactical blunder -
anyway the queen is quite vulnerable here.} ({White should have completed his
development by} 14. O-O {(the move has a logical connection with 13.Bf3!)} Qd7
15. c3 Nc4 16. Qc2 h6 17. Bc1 $11) 14... a5 $1 {An energetical reply which
forces White to solve difficult problems.} (14... Rf7 15. O-O-O h6 16. Bd2 $11)
15. Qc5 $6 {White chooses an unsuccessful retreat.} (15. Qc3 Qd6 $1 {[%cal
Gb6a4]} 16. O-O (16. Bh4 Na4 17. Qa3 Qxa3 18. bxa3 Bc4 $17) (16. a4 Bc4 $17)
16... Na4 17. Qe1 Nxb2 18. Qh4 Rae8 $17) ({The best decision would be:} 15. Qa3
Bc4 (15... Nc4 $5 16. Qxe7 Qxe7 17. Bxe7 Rf7 18. Bg5 Nxb2 $15) 16. Qe3 (16.
Bxe7 $2 Rxf3 $1 17. gxf3 Qe8 $19 {[%cal Gg7f6]}) 16... Bxe2 17. Qxe2 Qxd4 18.
c3 $15 {and White has some compensation for the pawn due to his pair of
bishops. However, Black is still better here.}) 15... Rf5 $1 16. Qxe7 $2 {
Desperation! White is going for a hopeless line.} ({He has probably missed} 16.
Qa3 $1 {although after} Bd5 $1 (16... Rxg5 $2 17. Qe3 Rb5 18. Qxe6+ Kh8 19.
O-O-O $11) 17. Bh4 (17. Bxe7 $2 Qe8 18. Bc5 Nc4 19. Qc3 Bh6 $19) 17... Bxf3 18.
gxf3 Qd5 $17 {Black's advantage is also great.}) 16... Qxe7 17. Bxe7 Re8 18.
Bc5 Na4 {Now Black has too many threats!} 19. O-O-O ({Hopeless was also:} 19.
Ng3 Nxc5 20. dxc5 Bxa2+ 21. Kd1 Rd8+ 22. Ke1 Re5+ 23. Be2 Bc4 $19) 19... Bxa2
$1 {The main idea of this move is not winning the pawn - Black takes control
of the important 'b1' spot. Now White cannot avoid an additional loss of
material.} 20. Ng3 Bh6+ 21. Rd2 Rf7 {Black is not in a hurry - White cannot
save an exchange anyway.} 22. Ne4 ({An attempt to trap the bishop fails to:} 
22. b3 Nc3 $1 23. Nf1 {(otherwise Black could liberate the Ba2 by a5-a4)} Re1+
24. Kb2 Rxf3 25. gxf3 Bxd2 26. Nxd2 Nd1+ 27. Kxa2 Rxh1 $19) 22... Nxc5 23. dxc5
Bd5 $19 24. Nd6 Rxf3 $1 25. gxf3 Re2 26. Rhd1 Rxh2 0-1

[Event "FRA-chT Gp-B"]
[Site "France"]
[Date "2003.04.06"]
[Round "7.4"]
[White "Pert, Nicholas"]
[Black "Koch, Jean Rene"]
[Result "1-0"]
[WhiteElo "2468"]
[BlackElo "2479"]
[Annotator "Roiz,M"]
[PlyCount "63"]
[EventDate "2003.01.31"]
[EventType "team"]
[EventRounds "7"]
[EventCountry "FRA"]
[SourceTitle "CBM 095"]
[Source "ChessBase"]
[SourceDate "2003.07.25"]
[SourceVersion "1"]
[SourceVersionDate "2003.07.25"]
[SourceQuality "1"]
[WhiteTeam "Montpellier"]
[BlackTeam "Mulhouse"]
[WhiteTeamCountry "FRA"]
[BlackTeamCountry "FRA"]

1. d4 f5 2. Bg5 g6 3. Nd2 Bg7 4. e3 Nf6 (4... Nh6 5. Bc4 d5 6. Bb3 Nf7 7. Bh4
c5 8. c3 g5 $6 9. Bg3 O-O 10. Ne2 Nc6 11. h4 h6 12. hxg5 hxg5 13. Nf3 cxd4 14.
cxd4 e6 15. Nc1 Qf6 16. Nd3 $16 {1-0 Arencibia,W-De la Riva Aguardo,O/Garcia
mem Premier 1998}) 5. h4 $5 {An agressive approach to playing this system.
Black hasn't finished a development yet, so white wants to use it.} ({Another
possibilities are:} 5. Bd3 O-O 6. c3 b6 $6 7. Qe2 c5 8. O-O-O Bb7 9. f3 Qc8 10.
Kb1 Ba6 11. h4 Bxd3+ 12. Qxd3 Qa6 13. Qc2 cxd4 14. exd4 $16 {1-0 Gomez Esteban,
J-Fernandes,A/Elgoibar 1998}) (5. f4 c5 6. c3 b6 7. Ngf3 Bb7 8. Bxf6 Bxf6 9.
Bd3 d5 10. Qe2 e6 11. O-O O-O 12. g4 Nc6 13. gxf5 exf5 14. Ne5 Bxe5 15. dxe5
Nxe5 16. fxe5 Qg5+ 17. Kf2 Qh4+ 18. Kg1 Qg5+ 19. Kf2 f4 20. e4 f3 21. Qe3 Qh4+
22. Kg1 Qg4+ 23. Kf2 Qh4+ 24. Kg1 Qg4+ 25. Kf2 Qh4+ {1/2-1/2 Nielsen,
P-Kindermann,S/AUT-chT 9798 1998}) (5. c3 Nc6 (5... d6 6. Bc4 e6 7. Ngf3) 6.
Bb5 (6. Ngf3 O-O 7. Bc4+ Kh8 8. O-O $14) 6... O-O 7. Ngf3 d6 8. Qa4 Bd7 9. Bxf6
Bxf6 {0-1 Tsamriuk,A-Kobalija,M/Krasnodar 1997} 10. d5 $14) 5... h6 (5... d6 6.
Bc4 d5 7. Be2 h6 8. Bf4 Be6 9. Ngf3 Nbd7 10. Ne5 Nxe5 11. Bxe5 Qd7 12. a4 (12.
Rc1 $14 {[%cal Gc2c4]}) 12... O-O 13. Ra3 Rac8 14. b4 Qe8 15. a5 Nd7 16. Bxg7
Kxg7 17. Qa1 $14 {1-0 Calvo Minguez,R-Clemens,C/Bundesliga 8283 1982}) (5...
O-O {looks very dangerous:} 6. Nh3 d5 7. Nf4 c6 8. h5 Qe8 9. hxg6 hxg6 10. c4
e6 11. Qf3 Nbd7 12. Qg3 e5 13. dxe5 Nxe5 14. O-O-O $40 {1-0 Kurz,A-Renner,C/
Bayern-ch 1988}) 6. Bxf6 Bxf6 7. Bd3 $146 {[%csl Gd3,Rf5,Rg6][%cal Gh4h5,Gg2g4,
Gd3g6]} (7. Ne2 d5 8. Nf4 Rg8 9. Rc1 $6 (9. c4 e6 10. Bd3 $14) 9... e5 10. dxe5
Bxe5 11. c3 Bxf4 12. exf4 Qd6 13. Qf3 Be6 14. Rd1 Nd7 $15 {0-1 Phillips,J-Yee,
K/National op Las Vegas 1995}) 7... d5 $2 {[%mdl 16384] After this move white
has a good chances to open a position by c2-c4. It is clear that black king
has no future on the K-side, but now it will stay in centre until end of a
game.} (7... e6 $142 8. Ne2 (8. Ngf3 Nc6 9. c3 Qe7 10. Qe2 d6 {[%cal Gc8d7,
Ge8c8]}) 8... Nc6 9. Nf4 Ne7 $13) 8. g4 $1 (8. c4 e6 9. Ne2 {[%cal Ge2f4,Gd1b3]
} Nc6 10. Nf4 Ne7 $14) 8... e6 $8 9. Ne2 $1 $16 {[%cal Ge2f4]} Nd7 $6 (9...
Bxh4 10. Nf4 Kf7 (10... Rg8 11. gxf5 exf5 12. c4 $16) 11. c4 c6 12. gxf5 exf5
13. cxd5 cxd5 14. Qb3 $16) (9... Nc6 $142 10. c4 Ne7 11. gxf5 exf5 12. Nf4 $16)
10. gxf5 gxf5 (10... exf5 11. h5 $16) 11. Nf4 Nf8 12. c4 c6 {Black cannot
finish the development of his Q-side.} 13. Rc1 $1 Bd7 14. Rg1 Qe7 15. Qb3 $1
Bc8 (15... Rb8 16. Nf3 Bxh4 17. cxd5 exd5 18. Nxh4 Qxh4 19. Qa3 {[%csl Ra7]
[%cal Ga3a7]} Ra8 20. Qb4 Rb8 $140 21. Qd6 $18) (15... b6 16. cxd5 cxd5 17.
Bxf5 $1 exf5 18. Nxd5 Be6 19. Qb5+ Bd7 20. Qe2 $18 {[%cal Gd5c7]}) 16. Nf3 a5 {
A desperation! Black has no useful moves.} ({after} 16... Bxh4 17. Nxh4 Qxh4
18. Be2 $18 {[%csl Re8][%cal Ge2h5] black is completely lost: the pawn has no
influence in this type of positions.}) 17. Ke2 a4 18. Qc2 {[%csl Rf5][%cal
Gc4d5]} dxc4 (18... Bd7 19. cxd5 cxd5 20. Qc7 $18) 19. Bxc4 e5 {It is clear
that this move cannot ease the troubles of black,but there is no better moves.}
(19... Bd7 20. Nh5 $1 Bxh4 21. Rg7 Qd8 22. Ne5 $18) 20. dxe5 Bxe5 21. Nxe5 {
All the pieces of white are much better than the opponents!} Qxe5 22. a3 {
[%csl Ra4] Fixing a pawn.} ({possible was also} 22. Qc3 $5 Qxc3 23. Rxc3 $18 {
[%cal Gg1g7] black has too much weaknesses in this endgame. His pieces are
very passive and he cannot hold the position for a long time.}) 22... Bd7 23.
Rcd1 O-O-O 24. Qxa4 Re8 ({after} 24... Qxb2+ 25. Rd2 Qe5 26. Rgd1 Kb8 27. Qb4
$18 {[%csl Rd7,Rd8][%cal Gd1d8] black cannot avoid material losses.}) 25. Nd3 {
[%cal Gd3c5] Black pieces cannot defend on Kb8. The game is over.} Qe7 26. Qa8+
Kc7 27. Qa5+ Kb8 28. Nc5 Be6 (28... Bc8 29. Qb6 {[%cal Gc5a6,Ga6c7]} Ka8 30.
Rd4 $18) 29. Bxe6 Nxe6 30. Nd7+ Kc8 31. Nb6+ Kb8 32. Rd7 {[%cal Ga5a8][%mdl
2048]} 1-0

[Event "Bundesliga 0203"]
[Site "Germany"]
[Date "2003.02.09"]
[Round "11.3"]
[White "Schandorff, Lars"]
[Black "Kindermann, Stefan"]
[Result "1/2-1/2"]
[WhiteElo "2546"]
[BlackElo "2519"]
[Annotator "Roiz,M"]
[PlyCount "42"]
[EventDate "2002.10.19"]
[EventType "team-tourn"]
[EventRounds "15"]
[EventCountry "GER"]
[SourceTitle "CBM 094"]
[Source "ChessBase"]
[SourceDate "2003.05.26"]
[SourceVersion "1"]
[SourceVersionDate "2003.05.26"]
[SourceQuality "1"]
[WhiteTeam "Werder Bremen"]
[BlackTeam "Plauen"]
[WhiteTeamCountry "GER"]
[BlackTeamCountry "GER"]

1. d4 f5 2. Nc3 Nf6 3. Bg5 d5 4. Qd2 e6 5. f3 Nc6 6. e4 (6. O-O-O Be7 7. e4
dxe4 (7... O-O 8. e5 Nd7 9. h4 Nb6 10. Nh3 Bd7 11. g4 fxg4 12. fxg4 Na5 13. Bd3
Nbc4 14. Qe2 Rc8 15. Nb1 c5 $13 {1-0 Kuzmin,A-Van Mil,J/Benasque op 1997}) 8.
fxe4 fxe4 9. Bb5 O-O 10. Kb1 (10. Bxf6 gxf6 $1 11. Nxe4 f5) 10... e5 11. Bxc6
exd4 12. Nge2 bxc6 13. Nxd4 Qe8 14. Rhe1 c5 15. Ndb5 Rb8 16. Nxc7 Qf7 $132 {
1/2-1/2 Orzechowski,J-Jakubiec,A/Jaroslawiec op 1997}) 6... dxe4 7. Bb5 {
Interesting sucrifice,but i think that white can only hope for equality here.}
(7. fxe4 fxe4 8. O-O-O Be7 9. Bb5 O-O 10. Nge2 Nb4 11. Bxf6 gxf6 12. Bc4 Nd5
13. g4 Kh8 14. Rhg1 (14. Nxe4 f5 {[%cal Ge7g5]}) 14... e3 $13 {1/2-1/2 Yevseev,
D-Yagupov,I/Chigorin mem op 2001}) 7... Bb4 (7... Be7 $1 8. Bxc6+ bxc6 9. fxe4
(9. O-O-O O-O 10. Nge2 exf3 11. gxf3 c5 $15) 9... Nxe4 $1 (9... fxe4 $6 10.
Nge2 O-O 11. Bxf6 Bxf6 12. Nxe4 $14) 10. Nxe4 fxe4 11. Bxe7 Qxe7 12. O-O-O O-O
13. Qe3 (13. Nh3 e5) (13. Ne2 c5 14. dxc5 Qxc5 $15) 13... Rb8 (13... e5 $5 14.
Ne2 (14. Qxe4 $2 Qg5+ 15. Kb1 Qg4 $1 $17) 14... exd4 15. Rxd4 Bf5 $11) 14. Ne2
Qb4 15. b3 $13) 8. fxe4 (8. a3 Bxc3 9. Qxc3 O-O 10. O-O-O Bd7 (10... Nd5 $5 11.
Qd2 Qd6 12. fxe4 fxe4 13. Ne2 a6) 11. Ne2 Ne7 12. Bc4 Ned5 $15) (8. O-O-O $5
O-O (8... Bxc3 $5 9. Qxc3 Qd5 $1 10. Bc4 Qa5 11. Qb3 O-O $132) 9. Nge2 exf3 10.
gxf3 Ne7 11. Rhg1 Kh8 12. a3 $44) 8... Nxe4 9. Bxd8 Nxd2 10. Bxc7 Ne4 11. Nge2
(11. Bxc6+ bxc6 12. Nge2 c5 $1 13. a3 (13. dxc5 Bb7 $1) 13... Bxc3+ 14. Nxc3
Nxc3 15. bxc3 cxd4 16. cxd4 Bb7 $11) 11... Bd7 12. O-O Bxc3 13. bxc3 Rc8 14.
Bf4 Ne7 {It is clear that black has solved all the problems.} (14... Na5 $5 15.
Rab1 (15. Bd3 O-O) 15... b6 16. Bd3 O-O $11) 15. Bd3 Nxc3 (15... O-O 16. c4) (
15... Nd5 $6 16. c4 Nxf4 17. Nxf4 g5 18. Nh3 $1 $14 {[%cal Ga1e1]}) 16. Nxc3
Rxc3 17. Rfb1 Rxd3 $5 {After this positional sucrifice the draw is only
possible rezult of the game.} (17... Bc6 18. Rb3 $1 Rxb3 (18... Nd5 19. Bd2
Rxb3 20. axb3) 19. axb3 $44 {[%csl Gd3,Gf4]}) (17... b6 18. Rb3 Rc8 19. a4 $44)
18. cxd3 Bc6 $11 {Any side cannot improve his position.} 19. Be5 Kf7 20. Rc1
Rd8 21. Rab1 Rd7 1/2-1/2